|
|
|
|
| LEADER |
01889nam a2200505 i 4500 |
| 001 |
nkc20223476492 |
| 003 |
CZ PrNK |
| 005 |
20240226090941.0 |
| 007 |
ta |
| 008 |
221208s2022 xr ae e f 000 0 cze |
| 015 |
|
|
|a cnb003476492
|
| 020 |
|
|
|a 978-80-11-02584-7
|q (brožováno)
|
| 035 |
|
|
|a (OCoLC)1375349976
|
| 040 |
|
|
|a BOA001
|b cze
|e rda
|
| 043 |
|
|
|a e-xr---
|b e-xr-jm
|2 czenas
|
| 072 |
|
7 |
|a 72
|x Architektura
|2 Konspekt
|9 21
|
| 080 |
|
|
|a 27-52:904
|2 MRF
|
| 080 |
|
|
|a 726
|2 MRF
|
| 080 |
|
|
|a (437.322)
|2 MRF
|
| 080 |
|
|
|a (036)
|2 MRF
|
| 100 |
1 |
|
|a Černý, Jiří,
|d 1961 říjen 13.-
|7 xx0006656
|4 aut
|4 ill
|
| 245 |
1 |
0 |
|a Sakrální památky Vranova nad Dyjí /
|c Jiří Černý
|
| 250 |
|
|
|a Vydání první
|
| 264 |
|
1 |
|a Vranov nad Dyjí :
|b městys Vranov nad Dyjí,
|c 2022
|
| 300 |
|
|
|a 61 stran :
|b ilustrace (převážně barevné), plány ;
|c 22 cm
|
| 336 |
|
|
|a text
|b txt
|2 rdacontent
|
| 337 |
|
|
|a bez média
|b n
|2 rdamedia
|
| 338 |
|
|
|a svazek
|b nc
|2 rdacarrier
|
| 504 |
|
|
|a Obsahuje bibliografii
|
| 650 |
0 |
7 |
|a církevní památky
|7 ph114287
|z Česko
|2 czenas
|
| 650 |
0 |
7 |
|a sakrální stavby
|7 ph137431
|z Česko
|2 czenas
|
| 650 |
0 |
7 |
|a sakrální architektura
|7 ph137434
|z Česko
|2 czenas
|
| 650 |
0 |
9 |
|a church antiquities
|z Czechia
|2 eczenas
|
| 650 |
0 |
9 |
|a sacred buildings
|z Czechia
|2 eczenas
|
| 650 |
0 |
9 |
|a sacred architecture
|z Czechia
|2 eczenas
|
| 651 |
|
7 |
|a Vranov nad Dyjí (Česko)
|7 ge131330
|2 czenas
|
| 651 |
|
9 |
|a Vranov nad Dyjí (Czechia)
|2 eczenas
|
| 655 |
|
7 |
|a informační publikace
|7 fd132454
|2 czenas
|
| 655 |
|
9 |
|a information publications
|2 eczenas
|
| 910 |
2 |
|
|a BOA001
|b 2-1503.335
|
| 990 |
|
|
|a BK
|
| 995 |
|
|
|a 01
|
| 991 |
|
|
|b 202302
|c NOV
|
| 996 |
6 |
|
|b 2610931122
|c 2-1503.335
|l MZK
|r Sklad / do 1 hodiny
|n 0
|p p.v.
|w 001915621
|u 000010
|a 1
|e BOA001
|j MZK50
|s P
|
| 996 |
7 |
|
|b 2610961925
|c 2-1503.335
|l MZK
|r Sklad / do 1 hodiny
|n 4
|p dar
|w 001915621
|u 000030
|a 1
|e BOA001
|j MZK50
|s A
|